Missing Word: 2011 Songs Quiz Stats

 Plays Quiz Updated Sep 24, 2013

Support Sporcle.
Go Orange.
Score 0/18 Timer 03:00
1 Play Today
2011 Song Missing Word % Correct
______ in the DeepRolling
93%
______ Like JaggerMoves
90.4%
______ at Me NowLook
87.5%
______ Rock AnthemParty
83.8%
______ This WayBorn
83%
______ Found LoveWe
79.7%
______ Friday Night (T.G.I.F.)Last
78.3%
______ it Against MeHold
74.8%
______ Can't Get EnoughJust
74.2%
2011 Song Missing Word % Correct
______ Up KicksPumped
70.6%
______ BassSuper
69.3%
______ Me EverythingGive
69%
______ Know It AllMr.
52%
______ HeartsStereo
44.1%
______ LifeGood
39.5%
______ TonightTonight
39.4%
______ to LoveHow
32.2%
______ YouWithout
27.5%

Today's Daily Dose

Word Ladder
ING Words

Get the Picture
Nearest Volcano

From the Vault

Quarterbacks with 3+ Super Bowl Starts

by nyynkeh8r

Sports 3m
Some of these guys need to quit hogging the Super Bowl and let the other QBs have a chance.
Remove Ads.
Support Sporcle.
Get the best of Sporcle when you Go Orange. This ad-free experience offers more features, more stats, and more fun while also helping to support Sporcle. Thank you for becoming a member.

Show Comments

Extras

Top Quizzes Today


Score Distribution

Your Account Isn't Verified!

In order to create a playlist on Sporcle, you need to verify the email address you used during registration. Go to your Sporcle Settings to finish the process.

Report this User

Report this user for behavior that violates our Community Guidelines.

Details: